[Event "Madrid-ch 2011/2012- Semifinal B"]
[Site "Madrid ESP"]
[Date "2012.04.13"]
[Round "6.12"]
[White "Arroyo Fernandez, Francisco J"]
[Black "Arjona Martinez, Santiago"]
[Result "1/2-1/2"]
[WhiteElo "1825"]
[BlackElo "2062"]
[PlyCount "66"]
[EventDate "2012.03.22"]
[EventType "swiss"]
[EventRounds "9"]
[EventCountry "ESP"]
[Source "lmi"]
[SourceDate "2012.03.22"]

1. d4 Nf6 2. Nf3 d6 3. Bf4 g6 4. e3 Bg7 5. Be2 O-O 6. O-O Nbd7 7. Nbd2 c5 8. c3
b6 9. Qb1 Bb7 10. Rc1 Rc8 11. a4 a6 12. h3 cxd4 13. exd4 Nd5 14. Bh2 Bh6 15.
Re1 Nf4 16. Bxf4 Bxf4 17. Bd3 Nf6 18. Ne4 Nd5 19. Qd1 Bh6 20. Qb3 Nf4 21. Bf1
Qc7 22. g3 Nd5 23. c4 Ne3 24. Rxe3 Bxe3 25. Qxe3 Kg7 26. Re1 h6 27. d5 Rce8 28.
Nd4 e5 29. dxe6 fxe6 30. b3 d5 31. Ng5 hxg5 32. Nxe6+ Rxe6 33. Qxe6 Qf7 1/2-1/2

[Event "Madrid-ch 2011/2012- Semifinal B"]
[Site "Madrid ESP"]
[Date "2012.04.14"]
[Round "7.1"]
[White "Moreno Torrero, Javier"]
[Black "Castano, Henry Augusto"]
[Result "0-1"]
[WhiteElo "2045"]
[BlackElo "2284"]
[PlyCount "78"]
[EventDate "2012.03.22"]
[EventType "swiss"]
[EventRounds "9"]
[EventCountry "ESP"]
[Source "lmi"]
[SourceDate "2012.03.22"]

1. d4 d5 2. Nf3 Nf6 3. e3 c5 4. b3 Nc6 5. Bb2 Bg4 6. Nbd2 cxd4 7. exd4 e6 8. a3
Bd6 9. Bd3 O-O 10. O-O Rc8 11. c4 Bf4 12. Be2 Qe7 13. Ne5 Bxe2 14. Qxe2 Rfd8
15. Nxc6 Rxc6 16. c5 e5 17. b4 Re6 18. dxe5 Bxe5 19. Bxe5 Rxe5 20. Qd3 Nh5 21.
g3 Nf6 22. Nf3 Rh5 23. Rfe1 Qd7 24. Re5 Rxe5 25. Nxe5 Qe6 26. Re1 h5 27. Nf3
Qd7 28. b5 Rc8 29. Rc1 Ne4 30. Qd4 Qxb5 31. Qxd5 Qe2 32. Qd1 Qxf2+ 33. Kh1 Rxc5
34. Rxc5 Qxc5 35. Qd8+ Kh7 36. Qd7 Nd6 37. Ng5+ Qxg5 38. Qxd6 Qc1+ 39. Kg2 Qc6+
0-1

[Event "Madrid-ch 2011/2012- Semifinal B"]
[Site "Madrid ESP"]
[Date "2012.04.14"]
[Round "7.2"]
[White "Garcia Sanz, Eduardo"]
[Black "Garcia Salamero, Gabriel"]
[Result "0-1"]
[WhiteElo "1994"]
[BlackElo "2225"]
[PlyCount "136"]
[EventDate "2012.03.22"]
[EventType "swiss"]
[EventRounds "9"]
[EventCountry "ESP"]
[Source "lmi"]
[SourceDate "2012.03.22"]

1. e4 c5 2. Nf3 e6 3. d4 cxd4 4. Nxd4 a6 5. c4 Qc7 6. Nc3 Nf6 7. Bd3 Nc6 8. Be3
Ne5 9. Qe2 Neg4 10. h3 Nxe3 11. Qxe3 d6 12. O-O g6 13. f4 Bg7 14. f5 O-O 15.
fxe6 Bxe6 16. Nxe6 fxe6 17. e5 dxe5 18. Rae1 Rad8 19. Kh1 Nh5 20. b3 Rxf1+ 21.
Rxf1 Rd4 22. Ne2 Rd7 23. Be4 Nf4 24. Kh2 Bf8 25. g3 Bc5 26. Qf3 Nxe2 27. Qxe2
Rf7 28. h4 b6 29. h5 Rxf1 30. Qxf1 Qf7 31. Qxf7+ Kxf7 32. Kh3 Kf6 33. hxg6 hxg6
34. Kg4 Bf2 35. Kf3 Be1 36. Kg4 a5 37. Bd3 g5 38. Be4 Bd2 39. Bc6 Ke7 40. Kf3
Kd6 41. Be8 Be1 42. g4 Kc5 43. Ke2 Bg3 44. Bg6 Kd4 45. Bc2 e4 46. Bd1 e5 47.
Bc2 Bf4 48. Bb1 e3 49. Bc2 Kc3 50. Bd3 Kb2 51. Kd1 Kxa2 52. Kc2 e4 53. Be2 Ka3
54. Kc3 Be5+ 55. Kc2 Kb4 56. Bf1 Kc5 57. Be2 Kd4 58. Kb2 Bd6 59. Kc2 Ke5 60.
Kc3 Bc5 61. Kc2 Kf4 62. Kd1 Bb4 63. Kc2 Kg3 64. Kc1 Bc5 65. Kc2 Bb4 66. Kc1 Kf2
67. Kd1 Bc5 68. b4 axb4 0-1

[Event "Madrid-ch 2011/2012- Semifinal B"]
[Site "Madrid ESP"]
[Date "2012.04.14"]
[Round "7.3"]
[White "Hinojar Diez, David"]
[Black "Ruiz Sanchez, Roberto"]
[Result "1-0"]
[WhiteElo "2148"]
[BlackElo "1997"]
[PlyCount "61"]
[EventDate "2012.03.22"]
[EventType "swiss"]
[EventRounds "9"]
[EventCountry "ESP"]
[Source "lmi"]
[SourceDate "2012.03.22"]

1. d4 d5 2. Nf3 Nf6 3. g3 Bf5 4. Bg2 e6 5. O-O Bd6 6. c4 c6 7. Nbd2 O-O 8. b3
h6 9. Bb2 Nbd7 10. c5 Bc7 11. b4 Qb8 12. a4 e5 13. dxe5 Nxe5 14. Nd4 Bh7 15. b5
Qe8 16. Qb3 Ba5 17. Bc3 Bxc3 18. Qxc3 Rc8 19. Bh3 Neg4 20. f3 Qe3+ 21. Qxe3
Nxe3 22. Rfc1 Rc7 23. b6 axb6 24. cxb6 Re7 25. a5 Ra8 26. a6 bxa6 27. Rxc6 a5
28. Rc7 Kf8 29. b7 Rb8 30. Rxe7 Kxe7 31. Nc6+ 1-0

[Event "Madrid-ch 2011/2012- Semifinal B"]
[Site "Madrid ESP"]
[Date "2012.04.14"]
[Round "7.4"]
[White "Barez Menendez, Hector"]
[Black "Munoz Cebey, Ricardo"]
[Result "1-0"]
[WhiteElo "2155"]
[BlackElo "2061"]
[PlyCount "81"]
[EventDate "2012.03.22"]
[EventType "swiss"]
[EventRounds "9"]
[EventCountry "ESP"]
[Source "lmi"]
[SourceDate "2012.03.22"]

1. d4 d5 2. Nf3 Nf6 3. e3 e6 4. Bd3 c5 5. b3 Nc6 6. O-O Bd6 7. Bb2 O-O 8. c4 b6
9. Nc3 Bb7 10. cxd5 exd5 11. dxc5 bxc5 12. Rc1 Rc8 13. Bf5 Ra8 14. Na4 Qe7 15.
Bxf6 Qxf6 16. Bb1 Qe7 17. Nxc5 Bxc5 18. Qc2 g6 19. Qxc5 Qd7 20. Rfd1 Rfd8 21.
Nd4 Rac8 22. Nxc6 Qxc6 23. Qxc6 Bxc6 24. Bd3 Kf8 25. Ba6 Rc7 26. Rc5 Ke7 27.
Rdc1 Kd6 28. b4 Rdd7 29. Kf1 h5 30. h4 f6 31. g3 g5 32. Ke2 Re7 33. Kd2 Red7
34. Be2 g4 35. b5 Bb7 36. Rxc7 Rxc7 37. Rxc7 Kxc7 38. Kc3 Kd6 39. Kd4 Bc8 40.
Bd3 Bd7 41. Bg6 1-0

[Event "Madrid-ch 2011/2012- Semifinal B"]
[Site "Madrid ESP"]
[Date "2012.04.14"]
[Round "7.5"]
[White "Monge Gilgado, Eva Maria"]
[Black "Cerrato Torrijos, Maria"]
[Result "1/2-1/2"]
[WhiteElo "1817"]
[BlackElo "2101"]
[PlyCount "64"]
[EventDate "2012.03.22"]
[EventType "swiss"]
[EventRounds "9"]
[EventCountry "ESP"]
[Source "lmi"]
[SourceDate "2012.03.22"]

1. e4 e6 2. Qe2 e5 3. Nf3 Nc6 4. Qd1 Nf6 5. Nc3 Bc5 6. Bb5 O-O 7. O-O d6 8. d3
Bg4 9. h3 Bxf3 10. Qxf3 Nd4 11. Qd1 Nxb5 12. Nxb5 c6 13. Nc3 h6 14. Be3 Bxe3
15. fxe3 d5 16. exd5 cxd5 17. Qf3 Rc8 18. Rf2 Qd6 19. Raf1 Qe6 20. Qg3 Nd7 21.
d4 f6 22. dxe5 fxe5 23. Rxf8+ Rxf8 24. Rxf8+ Kxf8 25. Qf3+ Nf6 26. e4 d4 27.
Nd5 Kg8 28. Nxf6+ gxf6 29. Qb3 Qxb3 30. axb3 Kf7 31. Kf2 Kg6 32. Kf3 h5 1/2-1/2

[Event "Madrid-ch 2011/2012- Semifinal B"]
[Site "Madrid ESP"]
[Date "2012.04.14"]
[Round "7.7"]
[White "Herranz Sanchez, Pablo"]
[Black "Garcia-Ruiz Fuentes, Marcos"]
[Result "1/2-1/2"]
[WhiteElo "1661"]
[BlackElo "1873"]
[PlyCount "84"]
[EventDate "2012.03.22"]
[EventType "swiss"]
[EventRounds "9"]
[EventCountry "ESP"]
[Source "lmi"]
[SourceDate "2012.03.22"]

1. e4 c5 2. Nf3 d6 3. d4 cxd4 4. Nxd4 Nf6 5. Nc3 a6 6. Be2 e5 7. Nb3 Be7 8. Be3
Be6 9. f3 Nbd7 10. Qd2 b5 11. O-O-O Rc8 12. g4 Nb6 13. h4 Bc4 14. Kb1 b4 15.
Bxb6 Qxb6 16. Bxc4 Rxc4 17. Nd5 Nxd5 18. Qxd5 Rc7 19. Qa8+ Bd8 20. Qd5 Be7 21.
Qa8+ Bd8 22. Qd5 Rc6 23. g5 O-O 24. Rdg1 a5 25. h5 a4 26. Nc1 Rc5 27. Qd2 f6
28. gxf6 Bxf6 29. Nd3 Rc4 30. Rg3 Rfc8 31. Rc1 b3 32. cxb3 axb3 33. Rxc4 bxa2+
34. Ka1 Rxc4 35. Nc1 Rd4 36. Qc2 Kf7 37. Kxa2 Qa6+ 38. Kb1 Ra4 39. Qb3+ Ke7 40.
Rg2 Ra1+ 41. Kc2 Qc6+ 42. Qc3 Qxc3+ 1/2-1/2

[Event "Madrid-ch 2011/2012- Semifinal B"]
[Site "Madrid ESP"]
[Date "2012.04.14"]
[Round "7.8"]
[White "Lopez Ziegler, Carlos"]
[Black "Vazquez Gonzalez, Jesus"]
[Result "0-1"]
[WhiteElo "1902"]
[BlackElo "2065"]
[PlyCount "68"]
[EventDate "2012.03.22"]
[EventType "swiss"]
[EventRounds "9"]
[EventCountry "ESP"]
[Source "lmi"]
[SourceDate "2012.03.22"]

1. e4 Nc6 2. Nf3 d5 3. exd5 Qxd5 4. Be2 Bf5 5. O-O g5 6. d4 g4 7. c4 Qd7 8. d5
gxf3 9. dxc6 Qxd1 10. Bxd1 fxg2 11. Re1 bxc6 12. Bf3 Bd7 13. Nc3 O-O-O 14. Be3
a6 15. Ne4 e5 16. Nc5 Bxc5 17. Bxc5 Re8 18. Bb4 Nh6 19. Bc3 f6 20. Kxg2 Rhg8+
21. Kh1 Ng4 22. Re2 e4 23. Bg2 e3 24. fxe3 Nxe3 25. Rae1 Nxg2 26. Rxg2 Rxe1+
27. Bxe1 Bg4 28. Kg1 Re8 29. Kf2 f5 30. Bd2 h5 31. Kg3 Re4 32. Rf2 Rd4 33. Bc3
Rxc4 34. Rf4 h4+ 0-1

[Event "Madrid-ch 2011/2012- Semifinal B"]
[Site "Madrid ESP"]
[Date "2012.04.14"]
[Round "7.9"]
[White "Arjona Martinez, Santiago"]
[Black "Brull Cortes, Boris"]
[Result "1-0"]
[WhiteElo "2062"]
[BlackElo "2005"]
[PlyCount "161"]
[EventDate "2012.03.22"]
[EventType "swiss"]
[EventRounds "9"]
[EventCountry "ESP"]
[Source "lmi"]
[SourceDate "2012.03.22"]

1. e4 e6 2. d4 d5 3. exd5 exd5 4. Qf3 Nf6 5. h3 Be6 6. Bd3 Bd6 7. Ne2 O-O 8.
Nbc3 c6 9. g4 Re8 10. Bd2 Qe7 11. g5 Ne4 12. Nxe4 dxe4 13. Qxe4 g6 14. c4 Nd7
15. O-O-O b5 16. c5 Bxc5 17. Nf4 Bb4 18. Nxe6 Bxd2+ 19. Rxd2 Qd6 20. Qf4 Qxe6
21. Kb1 Qd5 22. Rdd1 Nf8 23. h4 Ne6 24. Qg3 Rad8 25. h5 Qxg5 26. hxg6 Qxg3 27.
gxf7+ Kxf7 28. fxg3 Rh8 29. Bxh7 Ng5 30. Rhf1+ Kg7 31. Bf5 Rh2 32. g4 a6 33. a3
a5 34. Rc1 Rd6 35. Rc5 Rd2 36. Rfc1 Nf3 37. Rxc6 Rxc6 38. Rxc6 Nxd4 39. Rg6+
Kf7 40. b4 a4 41. Rb6 Ke7 42. Be4 Ne2 43. Bc6 Rd6 44. Rb7+ Kf6 45. Bxb5 Nd4 46.
Bxa4 Ra6 47. Bc2 Rxa3 48. Kb2 Rg3 49. Bf5 Ke5 50. Bd7 Kd6 51. Ka2 Rb3 52. Be8
Rg3 53. b5 Nxb5 54. Rxb5 Rxg4 55. Rb3 Ke5 56. Rc3 Rf4 57. Kb3 Rf8 58. Kc4 Rf4+
59. Kc5 Rf8 60. Bc6 Rf2 61. Bd5 Rd2 62. Re3+ Kf4 63. Re4+ Kf5 64. Kd6 Rh2 65.
Re5+ Kf4 66. Re8 Rh6+ 67. Kc5 Rh5 68. Kd4 Rf5 69. Be4 Rf7 70. Ra8 Rd7+ 71. Bd5
Re7 72. Rf8+ Kg5 73. Rf1 Re2 74. Be4 Ra2 75. Ke5 Ra5+ 76. Bd5 Kh4 77. Kf4 Kh5
78. Be4 Kh6 79. Rg1 Rg5 80. Ra1 Rc5 81. Ra7 1-0

[Event "Madrid-ch 2011/2012- Semifinal B"]
[Site "Madrid ESP"]
[Date "2012.04.14"]
[Round "7.11"]
[White "Fuentes Arjona, Antonio"]
[Black "Garcia Herranz, Jesus"]
[Result "1-0"]
[WhiteElo "2012"]
[BlackElo "1968"]
[PlyCount "41"]
[EventDate "2012.03.22"]
[EventType "swiss"]
[EventRounds "9"]
[EventCountry "ESP"]
[Source "lmi"]
[SourceDate "2012.03.22"]

1. e4 e5 2. d4 exd4 3. f4 Nc6 4. Nf3 Bc5 5. Bd3 d6 6. a3 Bg4 7. Nbd2 Nf6 8. O-O
O-O 9. h3 Bxf3 10. Nxf3 d5 11. e5 Ne4 12. Re1 f5 13. exf6 Qxf6 14. Bxe4 dxe4
15. Rxe4 d3+ 16. Kh1 dxc2 17. Qd5+ Kh8 18. Qxc5 g6 19. Qxc2 Na5 20. Bd2 h6 21.
Bxa5 1-0

[Event "Madrid-ch 2011/2012- Semifinal B"]
[Site "Madrid ESP"]
[Date "2012.04.14"]
[Round "7.12"]
[White "Sebastian Enesco, Alex"]
[Black "Arroyo Fernandez, Francisco J"]
[Result "0-1"]
[WhiteElo "1783"]
[BlackElo "1825"]
[PlyCount "110"]
[EventDate "2012.03.22"]
[EventType "swiss"]
[EventRounds "9"]
[EventCountry "ESP"]
[Source "lmi"]
[SourceDate "2012.03.22"]

1. d4 d6 2. e4 Nd7 3. Nc3 c6 4. Bc4 e6 5. d5 cxd5 6. exd5 e5 7. Nge2 h5 8. f4
Qh4+ 9. g3 Qh3 10. Ng1 Qg4 11. Qxg4 hxg4 12. Nb5 Kd8 13. Ne2 a6 14. Nbc3 Ngf6
15. Be3 Be7 16. O-O-O b5 17. Bb3 Bb7 18. fxe5 Nxe5 19. Nd4 Nfd7 20. Nf5 g6 21.
Nxe7 Kxe7 22. Bd4 Rh5 23. Rde1 Rc8 24. Ne4 Nd3+ 25. Kd2 Nxe1 26. Rxe1 Ne5 27.
Re2 f6 28. Bxe5 Rxe5 29. Nf2 Rxe2+ 30. Kxe2 f5 31. h3 gxh3 32. Nxh3 Kf6 33. Nf4
a5 34. a4 bxa4 35. Bxa4 g5 36. Ng2 Bxd5 37. Ne3 Be4 38. Kd2 d5 39. Bd7 Rc7 40.
Bxf5 Ke5 41. Bh3 Rh7 42. Ng4+ Kd4 43. c3+ Kc4 44. Bf1+ Kb3 45. Ke3 Kxb2 46. c4
a4 47. cxd5 Bxd5 48. Nf2 a3 49. Nd1+ Kc1 50. Nc3 a2 51. Nxa2+ Bxa2 52. Kf3 Rf7+
53. Kg2 Bd5+ 54. Kg1 Kd2 55. Bb5 Ke3 0-1

[Event "Madrid-ch 2011/2012- Semifinal B"]
[Site "Madrid ESP"]
[Date "2012.04.19"]
[Round "8.1"]
[White "Castano, Henry Augusto"]
[Black "Hinojar Diez, David"]
[Result "1/2-1/2"]
[WhiteElo "2284"]
[BlackElo "2148"]
[PlyCount "40"]
[EventDate "2012.03.22"]
[EventType "swiss"]
[EventRounds "9"]
[EventCountry "ESP"]
[Source "lmi"]
[SourceDate "2012.03.22"]

1. e4 c5 2. Nf3 d6 3. Bb5+ Bd7 4. Bxd7+ Qxd7 5. c4 Nc6 6. d4 cxd4 7. Nxd4 Nf6
8. Nc3 e6 9. O-O Be7 10. Be3 O-O 11. Qe2 Nxd4 12. Bxd4 Qc6 13. Rac1 Rfd8 14.
Rfd1 a6 15. f3 Ne8 16. b3 Bf6 17. Kh1 Rd7 18. Bxf6 Nxf6 19. Rd4 Rad8 20. Qd2 h6
1/2-1/2

[Event "Madrid-ch 2011/2012- Semifinal B"]
[Site "Madrid ESP"]
[Date "2012.04.19"]
[Round "8.5"]
[White "Ruiz Sanchez, Roberto"]
[Black "Garcia Serrano, Jose M. Ii"]
[Result "0-1"]
[WhiteElo "1997"]
[BlackElo "1894"]
[PlyCount "67"]
[EventDate "2012.03.22"]
[EventType "swiss"]
[EventRounds "9"]
[EventCountry "ESP"]
[Source "lmi"]
[SourceDate "2012.03.22"]

1. e4 e5 2. Nf3 Nc6 3. Bb5 a6 4. Ba4 Nf6 5. O-O Be7 6. Re1 b5 7. Bb3 O-O 8. h3
d6 9. c3 h6 10. d4 Re8 11. Nbd2 Bf8 12. Nf1 Bb7 13. Ng3 g6 14. a4 Bg7 15. dxe5
dxe5 16. Qe2 Na5 17. Bc2 Nc4 18. Bd3 Nd6 19. axb5 axb5 20. Rxa8 Qxa8 21. Bxb5
Re7 22. Bd3 Qa2 23. Nd2 Nd7 24. Nc4 Nc8 25. b4 Qxe2 26. Bxe2 Nf6 27. f3 Ba6 28.
Be3 Ne8 29. Ra1 Bb5 30. Ra8 Bd7 31. Bc5 Re6 32. Na5 Kh7 33. Nf1 Nb6 34. b5 0-1

[Event "Madrid-ch 2011/2012- Semifinal B"]
[Site "Madrid ESP"]
[Date "2012.04.19"]
[Round "8.6"]
[White "Vazquez Gonzalez, Jesus"]
[Black "Garcia-Ruiz Fuentes, Marcos"]
[Result "1-0"]
[WhiteElo "2065"]
[BlackElo "1873"]
[PlyCount "37"]
[EventDate "2012.03.22"]
[EventType "swiss"]
[EventRounds "9"]
[EventCountry "ESP"]
[Source "lmi"]
[SourceDate "2012.03.22"]

1. e4 c5 2. f4 d5 3. e5 Nc6 4. Nf3 Bf5 5. Nh4 Bd7 6. g3 g5 7. fxg5 Nxe5 8. d4
Ng6 9. Be3 Nxh4 10. gxh4 c4 11. Nc3 e6 12. h5 Ne7 13. Qf3 Nf5 14. h4 Nxe3 15.
Qxe3 Qa5 16. Bh3 O-O-O 17. O-O Be8 18. Qe5 Qc7 19. Qxh8 1-0

[Event "Madrid-ch 2011/2012- Semifinal B"]
[Site "Madrid ESP"]
[Date "2012.04.19"]
[Round "8.7"]
[White "Munoz Cebey, Ricardo"]
[Black "Herranz Sanchez, Pablo"]
[Result "1/2-1/2"]
[WhiteElo "2061"]
[BlackElo "1661"]
[PlyCount "46"]
[EventDate "2012.03.22"]
[EventType "swiss"]
[EventRounds "9"]
[EventCountry "ESP"]
[Source "lmi"]
[SourceDate "2012.03.22"]

1. e4 c5 2. Nc3 Nc6 3. g3 e6 4. Bg2 g6 5. d3 Bg7 6. Be3 d6 7. Qd2 a6 8. f4 Nge7
9. Nf3 Qc7 10. O-O O-O 11. Rae1 b6 12. h3 Nd4 13. Nd1 Nxf3+ 14. Bxf3 Bb7 15. c3
f5 16. Kh2 Rae8 17. Bg1 Nc6 18. d4 fxe4 19. Bxe4 Nd8 20. dxc5 dxc5 21. Nf2 e5
22. Bxb7 Qxb7 23. fxe5 Bxe5 1/2-1/2

[Event "Madrid-ch 2011/2012- Semifinal B"]
[Site "Madrid ESP"]
[Date "2012.04.19"]
[Round "8.8"]
[White "Rios Rebollo, Victor"]
[Black "Arjona Martinez, Santiago"]
[Result "1/2-1/2"]
[WhiteElo "1842"]
[BlackElo "2062"]
[PlyCount "79"]
[EventDate "2012.03.22"]
[EventType "swiss"]
[EventRounds "9"]
[EventCountry "ESP"]
[Source "lmi"]
[SourceDate "2012.03.22"]

1. d4 Nf6 2. c4 d6 3. Nc3 Nbd7 4. e4 e5 5. d5 Be7 6. Be3 Nc5 7. f3 a5 8. Bd3
O-O 9. Nge2 Nh5 10. Qd2 Nxd3+ 11. Qxd3 Bg5 12. O-O b6 13. b3 f5 14. exf5 Bxf5
15. Ne4 Bxe4 16. Qxe4 Bxe3+ 17. Qxe3 Nf4 18. Nxf4 Rxf4 19. g3 Rf5 20. Rae1 Qf6
21. Kg2 Rf8 22. Qd3 h5 23. Re4 g5 24. Ree1 g4 25. fxg4 Rf2+ 26. Kg1 e4 27. Qb1
e3 28. g5 Qf7 29. Rc1 e2 30. Rfe1 Kg7 31. Qd3 Qf3 32. Qxf3 R8xf3 33. h3 Kg6 34.
h4 Kf5 35. Rb1 Kg4 36. g6 Kxg3 37. g7 Rg2+ 38. Kh1 Rh2+ 39. Kg1 Rg2+ 40. Kh1
1/2-1/2

[Event "Madrid-ch 2011/2012- Semifinal B"]
[Site "Madrid ESP"]
[Date "2012.04.19"]
[Round "8.9"]
[White "Baeza Escudero, Javier"]
[Black "Lopez Ziegler, Carlos"]
[Result "0-1"]
[WhiteElo "2029"]
[BlackElo "1902"]
[PlyCount "104"]
[EventDate "2012.03.22"]
[EventType "swiss"]
[EventRounds "9"]
[EventCountry "ESP"]
[Source "lmi"]
[SourceDate "2012.03.22"]

1. e4 Nf6 2. e5 Nd5 3. d4 d6 4. Nf3 Bg4 5. Be2 Nc6 6. O-O dxe5 7. c4 Nb6 8. d5
Bxf3 9. Bxf3 Nd4 10. b3 g6 11. h4 Bg7 12. Nc3 Nf5 13. Bb2 Nxh4 14. Re1 Nf5 15.
Ne2 O-O 16. Bg4 e6 17. dxe6 fxe6 18. Qc2 Qg5 19. Qe4 Rae8 20. Bh3 Nd6 21. Qc2
c5 22. Rad1 Nf5 23. Ba3 Qe7 24. Rd3 e4 25. Rdd1 e3 26. f3 Nd7 27. Bxf5 exf5 28.
Qd3 Nf6 29. Nf4 b6 30. Bc1 Rd8 31. Qxe3 Qxe3+ 32. Bxe3 Rxd1 33. Rxd1 Re8 34.
Kf2 g5 35. Nh3 g4 36. Nf4 g3+ 37. Ke2 Bh6 38. Kd3 Nh5 39. Nd5 Bxe3 40. Nxe3
Nf4+ 41. Kd2 Kf7 42. Rh1 Kg6 43. Rh4 Rxe3 44. Rxf4 Re6 45. Rh4 h5 46. Rh3 f4
47. Rh1 Kg5 48. Kd3 a6 49. Kc3 Re2 50. a4 Rxg2 51. b4 Rf2 52. bxc5 bxc5 0-1

[Event "Madrid-ch 2011/2012- Semifinal B"]
[Site "Madrid ESP"]
[Date "2012.04.19"]
[Round "8.10"]
[White "Arroyo Fernandez, Francisco J"]
[Black "Fuentes Arjona, Antonio"]
[Result "0-1"]
[WhiteElo "1825"]
[BlackElo "2012"]
[PlyCount "102"]
[EventDate "2012.03.22"]
[EventType "swiss"]
[EventRounds "9"]
[EventCountry "ESP"]
[Source "lmi"]
[SourceDate "2012.03.22"]

1. d4 c5 2. d5 b5 3. e4 Bb7 4. Nd2 c4 5. Ngf3 Nf6 6. Be2 e6 7. dxe6 fxe6 8. e5
Ng4 9. O-O Nc6 10. Ne4 Ncxe5 11. Nxe5 Nxe5 12. Bh5+ Ng6 13. Qg4 Be7 14. Bxg6+
hxg6 15. Qxg6+ Kf8 16. Re1 Qe8 17. Qg3 Kg8 18. Bf4 Bc6 19. Be5 Qf7 20. Re3 Bh4
21. Qf4 Rf8 22. Qxf7+ Rxf7 23. f3 Rf5 24. Ng3 Rf7 25. Bd6 Bd8 26. Re2 Bb6+ 27.
Kh1 Bd8 28. Rd1 Bb6 29. Ne4 Rf5 30. Ng3 Rxf3 31. Ne4 Rf5 32. Ng3 Rf6 33. Ne4
Rfh6 34. Rf1 Rh5 35. h3 Kh7 36. Kh2 Kg6 37. Rf4 Rd5 38. Rg4+ Kf7 39. Re1 Rf5
40. Ng3 Rf2 41. Ne4 Bxe4 42. Rexe4 Rh5 43. Be5 g6 44. Rgf4+ Rf5 45. h4 Rxc2 46.
Kh3 d5 47. Rxf5+ exf5 48. Rf4 Ke6 49. Bc3 Rf2 50. Kg3 Re2 51. Kf3 Re3+ 0-1

[Event "Madrid-ch 2011/2012- Semifinal B"]
[Site "Madrid ESP"]
[Date "2012.04.20"]
[Round "9.1"]
[White "Castano, Henry Augusto"]
[Black "Barez Menendez, Hector"]
[Result "1/2-1/2"]
[WhiteElo "2284"]
[BlackElo "2155"]
[PlyCount "53"]
[EventDate "2012.03.22"]
[EventType "swiss"]
[EventRounds "9"]
[EventCountry "ESP"]
[Source "lmi"]
[SourceDate "2012.03.22"]

1. e4 e5 2. Nf3 Nf6 3. Nc3 Nc6 4. Bb5 Bb4 5. O-O O-O 6. d3 d6 7. Bg5 Bxc3 8.
bxc3 h6 9. Bh4 Qe7 10. Re1 g5 11. Bg3 Bg4 12. d4 Nh5 13. h3 Bxf3 14. Qxf3 Nxg3
15. Qxg3 a6 16. Bxc6 bxc6 17. Qd3 Rfb8 18. Reb1 Rb6 19. Rb3 a5 20. Qc4 exd4 21.
Rxb6 cxb6 22. Qxc6 Re8 23. Re1 dxc3 24. e5 Qd8 25. e6 Rxe6 26. Rxe6 fxe6 27.
Qxc3 1/2-1/2

[Event "Madrid-ch 2011/2012- Semifinal B"]
[Site "Madrid ESP"]
[Date "2012.04.20"]
[Round "9.2"]
[White "Hinojar Diez, David"]
[Black "Garcia Salamero, Gabriel"]
[Result "1/2-1/2"]
[WhiteElo "2148"]
[BlackElo "2225"]
[PlyCount "67"]
[EventDate "2012.03.22"]
[EventType "swiss"]
[EventRounds "9"]
[EventCountry "ESP"]
[Source "lmi"]
[SourceDate "2012.03.22"]

1. e4 e5 2. Nf3 Nf6 3. Nxe5 d6 4. Nf3 Nxe4 5. d3 Nf6 6. d4 d5 7. Bg5 c6 8. c3
Be7 9. Bd3 Be6 10. O-O Nbd7 11. Re1 O-O 12. Nbd2 Re8 13. Qc2 Nf8 14. Ne5 N6d7
15. Bxe7 Rxe7 16. Re3 f6 17. Nxd7 Qxd7 18. Rae1 Rae8 19. f4 Qd6 20. g3 b6 21.
Qd1 Bg4 22. Rxe7 Rxe7 23. Qc1 g6 24. Kf2 Ne6 25. Nf1 Bh3 26. Qe3 Bxf1 27. Bxf1
Kf7 28. Bh3 Nc7 29. Qxe7+ Qxe7 30. Rxe7+ Kxe7 31. Ke3 Ne8 32. Bf1 Nd6 33. Bd3
f5 34. Kf3 1/2-1/2

[Event "Madrid-ch 2011/2012- Semifinal B"]
[Site "Madrid ESP"]
[Date "2012.04.20"]
[Round "9.3"]
[White "Garcia Serrano, Jose M. Ii"]
[Black "Monge Gilgado, Eva Maria"]
[Result "0-1"]
[WhiteElo "1894"]
[BlackElo "1817"]
[PlyCount "76"]
[EventDate "2012.03.22"]
[EventType "swiss"]
[EventRounds "9"]
[EventCountry "ESP"]
[Source "lmi"]
[SourceDate "2012.03.22"]

1. e4 c5 2. d4 cxd4 3. c3 dxc3 4. Nxc3 Nc6 5. Nf3 d6 6. Bc4 e6 7. O-O Be7 8.
Qe2 a6 9. a4 Qc7 10. Rd1 Nf6 11. Bf4 O-O 12. Rac1 Rd8 13. Ba2 Qb8 14. Bb1 Ne5
15. Nd4 Bd7 16. h3 Ng6 17. Be3 Bc6 18. f4 d5 19. exd5 Bxd5 20. f5 Nf8 21. Qf2
e5 22. Nde2 Bb3 23. Rxd8 Qxd8 24. Qg3 Qa5 25. Bh6 Ne8 26. Ne4 Qb6+ 27. Be3 Qb4
28. Qxe5 Nd7 29. Qg3 Bxa4 30. Nf4 Bc6 31. Nc3 Qxb2 32. Nfd5 Bxd5 33. Nxd5 Bc5
34. Bxc5 Qxc1+ 35. Kh2 Qxc5 36. Be4 Qd6 37. Nf4 Nc5 38. Bd5 Nd3 0-1

[Event "Madrid-ch 2011/2012- Semifinal B"]
[Site "Madrid ESP"]
[Date "2012.04.20"]
[Round "9.4"]
[White "Cerrato Torrijos, Maria"]
[Black "Vazquez Gonzalez, Jesus"]
[Result "1-0"]
[WhiteElo "2101"]
[BlackElo "2065"]
[PlyCount "151"]
[EventDate "2012.03.22"]
[EventType "swiss"]
[EventRounds "9"]
[EventCountry "ESP"]
[Source "lmi"]
[SourceDate "2012.03.22"]

1. e4 Nc6 2. Nc3 d6 3. d4 f5 4. Nf3 Nf6 5. Bd3 e6 6. O-O Be7 7. a3 O-O 8. Re1
Nxe4 9. Nxe4 fxe4 10. Bxe4 d5 11. Bd3 Bf6 12. c3 Qd6 13. Bg5 Bd7 14. Qc2 h6 15.
Bxf6 Rxf6 16. Ne5 Raf8 17. Bh7+ Kh8 18. Ng6+ Rxg6 19. Bxg6 e5 20. dxe5 Nxe5 21.
Bh5 Bf5 22. Qe2 Nd3 23. Rf1 Nf4 24. Qd1 Be4 25. Bf3 Nh3+ 26. Kh1 Bxf3 27. gxf3
Ng5 28. Rg1 Nxf3 29. Rg3 Ng5 30. Qe2 Qf4 31. Rg2 Ne4 32. Rf1 Qf3 33. Qxf3 Rxf3
34. Kg1 Rd3 35. f4 Nd2 36. Rc1 Nf3+ 37. Kf1 Nh4 38. Rf2 Nf5 39. Ke2 Re3+ 40.
Kd2 c5 41. Rcf1 Rh3 42. Re1 c4 43. Re5 Rd3+ 44. Ke2 Nh4 45. Re3 Rxe3+ 46. Kxe3
Nf5+ 47. Kf3 Kg8 48. Re2 Kf7 49. Re5 Ne7 50. h4 Kf6 51. h5 a6 52. a4 b6 53. Kg4
b5 54. axb5 axb5 55. Re1 Nc6 56. Ra1 Ke6 57. Ra6 Kd7 58. Rb6 b4 59. cxb4 d4 60.
Kf3 d3 61. Rb7+ Ke6 62. Rxg7 Nxb4 63. Ke4 Nc2 64. Rg6+ Ke7 65. Rg2 Kd6 66. Rd2
Kc5 67. f5 Nd4 68. f6 Ne6 69. Ke3 Kb4 70. f7 Kb3 71. Rf2 Nf8 72. Ke4 Nd7 73.
f8=Q Nxf8 74. Rxf8 Kxb2 75. Ke3 Kc1 76. Rc8 1-0

[Event "Madrid-ch 2011/2012- Semifinal B"]
[Site "Madrid ESP"]
[Date "2012.04.20"]
[Round "9.5"]
[White "Ruiz Sanchez, Roberto"]
[Black "Munoz Cebey, Ricardo"]
[Result "1-0"]
[WhiteElo "1997"]
[BlackElo "2061"]
[PlyCount "71"]
[EventDate "2012.03.22"]
[EventType "swiss"]
[EventRounds "9"]
[EventCountry "ESP"]
[Source "lmi"]
[SourceDate "2012.03.22"]

1. e4 c6 2. d4 d5 3. exd5 cxd5 4. c4 Nf6 5. Nc3 e6 6. Nf3 Bb4 7. cxd5 Nxd5 8.
Bd2 Nc6 9. Bd3 Be7 10. a3 O-O 11. O-O Bf6 12. Qe2 Nxd4 13. Nxd4 Bxd4 14. Bxh7+
Kxh7 15. Qe4+ Kg8 16. Qxd4 Nb6 17. Be3 Qxd4 18. Bxd4 Nc4 19. Nb5 Bd7 20. Nxa7
Nd2 21. Rfd1 Nb3 22. Bb6 Nxa1 23. Rxd7 e5 24. a4 Nc2 25. a5 Rab8 26. Nb5 Nb4
27. g3 Nc6 28. Nd6 Ra8 29. Nxb7 Rfb8 30. Kf1 Kf8 31. Ke2 Ke8 32. Rc7 Nd4+ 33.
Kd3 Nb5 34. Rc5 Rxb7 35. Rxe5+ Kd7 36. Rxb5 1-0